¡Cierre las brechas! : (Registro nro. 10229)

Detalles MARC
000 -LEADER
fixed length control field 00985nam a22002897a 4500
001 - CONTROL NUMBER
control field 000052148
003 - CONTROL NUMBER IDENTIFIER
control field DO-SdBNP
005 - DATE AND TIME OF LATEST TRANSACTION
control field 20180119105748.0
007 - PHYSICAL DESCRIPTION FIXED FIELD--GENERAL INFORMATION
fixed length control field 000052148
008 - FIXED-LENGTH DATA ELEMENTS--GENERAL INFORMATION
fixed length control field 160530b 2003 cl ||||| |||| 00| 0 spa d
020 ## - INTERNATIONAL STANDARD BOOK NUMBER
International Standard Book Number 9580475288
040 ## - CATALOGING SOURCE
Original cataloging agency BPMSU
Language of cataloging spa
Transcribing agency BPMSU
041 17 - LANGUAGE CODE
Language code of text/sound track or separate title spa
Language code of original eng
092 ## - LOCALLY ASSIGNED DEWEY CALL NUMBER (OCLC)
Classification number xxxxx
Item number xxxxx
100 1# - MAIN ENTRY--PERSONAL NAME
Personal name Blanchard, Ken
240 10 - UNIFORM TITLE
Uniform title <a href="Zap the gaps! : target higher performance and achieve it!">Zap the gaps! : target higher performance and achieve it!</a>
Language of a work Español.
245 10 - TITLE STATEMENT
Title ¡Cierre las brechas! :
Remainder of title busque el máximo rendimiento ¡y alcáncelo! /
Statement of responsibility, etc. Ken Blanchard, Dana Robinson, Jim Robinson ; traducción de Nicolás Suescún ; prólogo de Sheldon Bowles.
260 ## - PUBLICATION, DISTRIBUTION, ETC. (IMPRINT)
Place of publication, distribution, etc. Bogotá, Colombia :
Name of publisher, distributor, etc. Grupo Editorial Norma,
Date of publication, distribution, etc. 2003.
300 ## - PHYSICAL DESCRIPTION
Extent 144 p. ;
Dimensions 21 cm.
700 1# - ADDED ENTRY--PERSONAL NAME
Personal name Robinson, Dana
700 1# - ADDED ENTRY--PERSONAL NAME
Personal name Robinson, Jim
700 12 - ADDED ENTRY--PERSONAL NAME
Personal name Suescún, Nicolás,
Relator term tr.
700 12 - ADDED ENTRY--PERSONAL NAME
Personal name Bowles, Sheldon,
Relator term pról.
942 ## - ADDED ENTRY ELEMENTS (KOHA)
Source of classification or shelving scheme Dewey Decimal Classification
Koha item type Libros
945 ## - LOCAL PROCESSING INFORMATION (OCLC)
a Inventariado, 2018/LP
956 ## - LOCAL ELECTRONIC LOCATION AND ACCESS (OCLC)
Host name LOPEREZ
Access number 10
Compression information 20160530
Existencias
Withdrawn status Lost status Source of classification or shelving scheme Damaged status Not for loan Collection code Home library Current library Date acquired Source of acquisition Total Checkouts Barcode Date last seen Price effective from Koha item type
    Dewey Decimal Classification     Colección General Biblioteca Pública Metropolitana Salomé Ureña Biblioteca Pública Metropolitana Salomé Ureña 05/30/2016 FUNDI   BPMSU16050456 05/30/2016 05/30/2016 Libros